The science of managing organized technology

Part I. Background for R&D Management, Part II. R&D Decision Making, Part III. Administering the R&D Process, Part Iv. Tying the Pieces Together

সংরক্ষণ করুন:
গ্রন্থ-পঞ্জীর বিবরন
বিন্যাস: গ্রন্থ
ভাষা:Undetermined
প্রকাশিত: New York Gordon and Breach 1970
বিষয়গুলি:
ট্যাগগুলো: ট্যাগ যুক্ত করুন
কোনো ট্যাগ নেই, প্রথমজন হিসাবে ট্যাগ করুন!
Thư viện lưu trữ: Trung tâm Học liệu Trường Đại học Cần Thơ
LEADER 00733nam a2200193Ia 4500
001 CTU_225939
008 210402s9999 xx 000 0 und d
082 |a 658.57 
082 |b S416/Vol.2 
245 4 |a The science of managing organized technology 
245 0 |c Edited by Marvin J. Cetron and Joel D. Goldhar 
260 |a New York 
260 |b Gordon and Breach 
260 |c 1970 
520 |a Part I. Background for R&D Management, Part II. R&D Decision Making, Part III. Administering the R&D Process, Part Iv. Tying the Pieces Together 
650 |a Research, Industrial,Nghiên cứu công nghiệp 
650 |x Management,Quản lý 
910 |b nthai 
980 |a Trung tâm Học liệu Trường Đại học Cần Thơ